000 01304cam a2200313 a 4500
001 13711919
003 OSt
005 20250922144549.0
008 040907s2005 njua b 001 0 eng
010 _a 2004556782
020 _a0471656313 (acid-free paper)
040 _aDLC
_cDLC
_dDLC
050 0 0 _aTS156
_b.M64 2005
082 0 0 _a658.4013
_222
_bMON 2005
100 1 _aMontgomery, Douglas C.
_92557
245 1 0 _aIntroduction to Statistical Quality Control
250 _a5th ed.
260 _aHoboken, N.J. :
_bJohn Wiley,
_c2005.
300 _axvi, 759 p. :
_bill. ;
_c26 cm.
504 _aIncludes bibliographical references and index.
650 0 _aQuality control
_xStatistical methods.
_95575
650 0 _aProcess control
_xStatistical methods.
_95288
856 4 1 _3Table of contents only
_uhttp://www.loc.gov/catdir/toc/wiley051/2004556782.html
856 4 2 _3Contributor biographical information
_uhttp://www.loc.gov/catdir/enhancements/fy0621/2004556782-b.html
856 4 2 _3Publisher description
_uhttp://www.loc.gov/catdir/enhancements/fy0621/2004556782-d.html
906 _a7
_bcbc
_corigcop
_d2
_encip
_f20
_gy-gencatlg
942 _2ddc
_cSLOAN
999 _c3305
_d3305